000
00209 a2200097 4500
001
26711
100
_a
Coville, W.J
245
_a
Abnormal psychology
260
_a
_b
Barnes noble
_c
1960
090
_c
17961
_d
17961
942
_a
NUST-CAE
_c
M
_c
8848
999
_c
261784
_d
261784